A charismatic approach to social action. (Record no. 16772)

000 -LEADER
fixed length control field 00484nam a2200181 a 4500
001 - CONTROL NUMBER
control field :::00020057$&:&@@
003 - CONTROL NUMBER IDENTIFIER
control field OkBaRHE
005 - DATE AND TIME OF LATEST TRANSACTION
control field 20181115141409.0
008 - FIXED-LENGTH DATA ELEMENTS--GENERAL INFORMATION
fixed length control field s1974 j 000 0 eng u
040 ## - CATALOGING SOURCE
Transcribing agency
100 1# - MAIN ENTRY--PERSONAL NAME
Personal name Christensen, Larry
245 12 - TITLE STATEMENT
Title A charismatic approach to social action.
260 ## - PUBLICATION, DISTRIBUTION, ETC. (IMPRINT)
Place of publication, distribution, etc Minneapolis, MN
Name of publisher, distributor, etc Bethany Fellowship
Date of publication, distribution, etc 1974
300 ## - PHYSICAL DESCRIPTION
Extent 122 p.
650 ## - SUBJECT ADDED ENTRY--TOPICAL TERM
Topical term or geographic name as entry element Pentecostalism.
9 (RLIN) 840
650 ## - SUBJECT ADDED ENTRY--TOPICAL TERM
Topical term or geographic name as entry element Church and social problems.
942 ## - ADDED ENTRY ELEMENTS (KOHA)
Source of classification or shelving scheme
Koha item type Books
Copies
Copy number Shelving location Date last seen Price effective from Source of classification or shelving scheme Current Location Full call number Permanent Location Withdrawn status Barcode Not for loan Lost status Damaged status Date acquired Koha item type
1General Stacks2010-04-142010-04-14 RHEMA Bible Training CollegeBX 8763 .C48RHEMA Bible Training College 20057   2010-04-14Books